| 000 | 00412nam a22001217a 4500 | ||
|---|---|---|---|
| 082 |
_a344.0533 _bAKH |
||
| 100 | _aShah Syed Saleem Akhtar | ||
| 245 |
_aMarvelous Complete Research on Control of Narcotic Substances Laws in Pakistan / _cSyed Saleem Akhtar Shah |
||
| 260 |
_aLahore : _bAl Haq Law Book Centre, _c2024. |
||
| 300 |
_a1002, p; _c24, cm. |
||
| 650 |
_aNarcotic Laws _9127999 |
||
| 942 |
_2ddc _cBK |
||
| 999 |
_c612996 _d612996 |
||